| 000 | 00978nac a22002651u 4500 | ||
|---|---|---|---|
| 999 |
_c6725 _d6725 |
||
| 003 | EG-ScBUE | ||
| 005 | 20210205123218.0 | ||
| 008 | 110904s1998 ly f 000 ee ara d | ||
| 017 | _a98/3272 | ||
| 040 |
_aEG-ScBUE _bara _erda _cEG-ScBUE _dEG-ScBUE |
||
| 082 | 0 | 4 |
_a892.7099612 _bم ل ي _222 |
| 100 | 1 |
_aمليطان، عبد الله، _eمؤلف. _926982 |
|
| 245 | 1 | 0 |
_aقراءة في الانتماء / _cعبد الله مليطان. |
| 250 | _aالطبعة الأولى. | ||
| 264 | 1 |
_aمصراتة : _bالدار الجماهيرية للنشر والتوزيع والإعلان، _c1998. |
|
| 300 |
_a167 صفحة ؛ _c24 سم |
||
| 336 |
_2rdacontent _aنص _btxt |
||
| 337 |
_2rdamedia _aبدون وسيط _bn |
||
| 338 |
_2rdacarrier _aمجلد _bnc |
||
| 650 | 7 |
_aالمقالات العربية _zليبيا _yقرن 20. _2BUEsh _926983 |
|
| 651 | _2BUEsh | ||
| 653 |
_bARALIT _cFebruary2021 |
||
| 655 |
_vReading book _934232 |
||
| 942 |
_cBB _k814.962 م ل ي _2ddc |
||